| 000 | 00658cam a2200205 a 4500 | ||
|---|---|---|---|
| 001 | 000013385 | ||
| 003 | DO-SdBNP | ||
| 005 | 20231113090455.0 | ||
| 008 | 751003s1968 ve a b 000 0 spa d | ||
| 040 |
_aDO-SdBNP _bspa _cBNPHU |
||
| 082 | 4 |
_a330.987 _bT736v _222 |
|
| 100 | 1 |
_aTovar, Ramon A. _930625 |
|
| 245 | 1 | 0 |
_aVenezuela, país subdesarrollado / _cRamón A. Tovar. |
| 250 | _a2a. ed. | ||
| 260 |
_a[Caracas] : _bUniversidad Central de Venezuela, _c1968. |
||
| 300 |
_a212 p. : _bil. ; _c17 cm. |
||
| 651 | 4 |
_aVenezuela _xCondiciones económicas _y1918-1958. _930367 |
|
| 651 | 4 |
_aVenezuela _xCondiciones sociales _y1918-1958. _984620 |
|
| 942 |
_2ddc _cLBS1 |
||
| 999 |
_c13011 _d13011 |
||